000 01051nac a22003257a 4500
001 BR0901518
003 BR-BrBNA
005 20240105123728.0
008 230509b bl.|||m| |||| 00| 0 por d
040 _aBR-BrBNA
_bpor
_cBiblioteca Nacional de Agricultura
072 _aP01; P10
090 _aP01 BR0901518
100 1 _aAbichequer, A.D.
100 1 _aBassi, L.
110 1 _aFundação Estadual de Pesquisa Agropecuária, Porto Alegre, RS (Brasil)
_94887
245 1 _aMonitoramento ambiental de microbacias hidrográficas do Programa RS Rural
260 3 _aPorto Alegre, RS (Brasil):
_c2005.
300 _a31 p.
490 _aBoletim Técnico - Fundação Estadual de Pesquisa Agropecuária (Brazil)
_vno. 17
_xISSN 0104-9089
500 _a11 illus.
650 _aBACIA HIDROGRÁFICA
650 _aMICROBACIA
650 _aMANEJO DO SOLO
650 _aMEIO AMBIENTE
650 _aÁGUA
650 _aSOLO
650 _aPROJETO DE DESENVOLVIMENTO
909 _a202312
_bLúcia Elande
_c55
_dLúcia Elande
942 _2AGRIS
_n0
_cMS
999 _c296739
_d296739